| 000 | 00705nam a2200205 u 4500 | ||
|---|---|---|---|
| 005 | 20240910063926.0 | ||
| 008 | 100129s2000 es r 000 0 spa d | ||
| 020 | _a8426341861 | ||
| 035 | _aUPN01000174386 | ||
| 049 | _aI | ||
| 050 | 4 |
_aPZ38 _bW6.2 2000 |
|
| 100 | 1 |
_aWolf, Klaus-Peter, _d1954- _930984 |
|
| 245 | 1 | 0 |
_aAntonio Juan y el invisible, a contracorriente / _cKlaus-Peter Wolf ; il. por Ameli Glienke ; tr. Margaret Faber. |
| 250 | _a5a ed. | ||
| 260 |
_aZaragoza, Esp. : _bEdelvives, _cc2000. |
||
| 300 |
_a77 p. : _bil. col. |
||
| 534 |
_pTÃtulo original: _tJens-Peter und der unsichtbare gegen den rest rest der welt |
||
| 650 | 4 |
_aCuentos infantiles alemanes _98589 |
|
| 905 | _aInfantil | ||
| 999 |
_c146490 _d146490 |
||